000
00330nam a2200157Ia 4500
100
_a
ADAIR/JOHN
942
_c
BK
366
_f
17.5
654
_a
time management
245
_a
Effective time management
260
_b
Pan Books
_c
1988
082
_a
658.4093/ADA
_b
ADA
300
_a
164
546
_a
ENGLISH
_c
TTL
999
_c
23394
_d
23394